Tracklist Album - Jazzy Bazz / Memoria - Statistiques

Statistiques générales
  • Ce quiz a été pris 79 fois
  • Le résultat moyen est 9 sur 17
Statistiques - réponses
Feats Tracks % Correct
Memoria
90%
Josman Albiceleste
83%
Laylow .RAW Spleen
81%
Alpha Wann Panorama
71%
Nekfeu Élément 115
66%
EDGE Dark City
49%
Cœur, conscience
46%
Nouvelle 3.14
44%
D.ieu
42%
Sablier
42%
Interlude
41%
EDGE Zone 19
41%
Destinée
39%
Arkham Anthem
36%
Robdbloc Mental
36%
P-Town Blues
34%
Memento Mori
32%
Aucun quiz correspondant
Distribution des résultats
% des personnes avec chaque résultat
Percentile par nombre de réponses
Votre historique - résultats
Vous n’avez pas pris ce quiz